Tilastot visalle Louisianan osto kartalla

Klikkaa tästä pelataksesi tätä visaa!

Yleistilastot

  • Tätä visaa on pelattu 243 kertaa
  • Keskiarvotulos 14 / 17

Vastaukset kartalla

Vastauksille on annettu kartalla punavihreä väri sen mukaan, kuinka moni on saanut sen oikein.
 

Vastaustilastot

Vastaus% Oikein
Texas
97%
Kansas
89%
Louisiana
89%
Oklahoma
89%
Etelä-Dakota
88%
Pohjois-Dakota
88%
Arkansas
87%
Colorado
87%
New Mexico
87%
Iowa
86%
Minnesota
86%
Montana
86%
Nebraska
86%
Wyoming
84%
Missouri
83%
Alberta
59%
Saskatchewan
52%

Tulosjakauma

Persentiili vastausten määrän mukaan

Jokaisen tuloksen saaneiden osuus

Tuloshistoriasi

Et ole pelannut tätä visaa